| 000 | 02874nam0a2200433 i 4500 | ||
|---|---|---|---|
| 001 | RU\NLR\BIBL_A\010192784 | ||
| 005 | 20260406103346.0 | ||
| 010 |
_a9785900334622 _9300 |
||
| 021 |
_aRU _b2013-103495 _97187 |
||
| 035 | _a(NILC)RuMoRGB-006715291 | ||
| 035 | _a(NLR Aleph) 010192784 | ||
| 090 |
_a10205998 _c10205998 |
||
| 100 | _a20140219d2013 km y0rusy50 ca | ||
| 101 | 0 |
_arus _aeng |
|
| 102 | _aRU | ||
| 105 | _aachbz|||110yy | ||
| 200 | 1 |
_aИстория и культура коренных народов Дальнего Востока _eматериалы Международной научной конференции, посвященной 150-летию со дня рождения Л. Я. Штернберга и 145-летию со дня рождения Б. О. Пилсудского (г. Южно-Сахалинск, 7-9 ноября 2011 г.) _f[сост.: Н. Ю. Ильина] |
|
| 210 |
_aЮжно-Сахалинск _cГБУК "Сахалинский областной краеведческий музей" _d2013 |
||
| 215 |
_a287 с. _cил., портр., факс., карт. _d24 |
||
| 300 | _aВ надзаг.: М-во культуры Сахалинской обл., Гос. бюджетное учреждение культуры "Сахалинский обл. краеведческий музей" | ||
| 300 | _aЧасть текста на англ. яз. | ||
| 320 | _aБиблиогр. в конце докл. и в подстроч. примеч. | ||
| 600 | 1 |
_aПилсудский _bБ.О. _f1868 - 1918 _gБронислав Осипович _92130261 _3RU\NLR\AUTH\661285255 |
|
| 600 | 1 |
_aШтернберг _bЛ.Я. _f1861 - 1927 _gЛев Яковлевич _91954038 _3RU\NLR\AUTH\661181560 |
|
| 606 | 1 |
_aНароды Дальнего Востока России _jСъезды, совещания и т.п _xИсторико-этнографические исследования _92295318 _3RU\NLR\AUTH\661374444 |
|
| 675 | _a008(571.6)(082) | ||
| 686 | 1 | _aТ52(251.1)я431 | |
| 686 | 1 | _aТ5г(2)5д | |
| 702 | 1 |
_4220 _7ca _8rus _aИльина _bН. Ю. _cисторик _gНелли Юрьевна _9135896 _3RU\NLR\AUTH\770135931 |
|
| 702 | 1 |
_4570 _7ca _8rus _aШтернберг _bЛ. Я. _f1861-1927 _gЛев Яковлевич _942999 _3RU\NLR\AUTH\7760068 |
|
| 702 | 1 |
_4570 _aПилсудский _bБ. О. _f1866-1918 _gБронислав Осипович _9148343 _3RU\NLR\AUTH\770148379 |
|
| 712 | 0 | 2 |
_4570 _aСахалинский государственный областной краеведческий музей _cЮжно-Сахалинск _9272560 _3RU\NLR\AUTH\881129 |
| 801 | 0 |
_aRU _bRuMoRKP _c20131219 _gRCR |
|
| 801 | 2 |
_aRU _bРГБ _c20140205 _grcr |
|
| 801 | 1 |
_aRU _bRuMoRKP _c20131219 _2rusmarc |
|
| 942 | _cBOOK | ||
| 980 | _aNBR | ||